| 000 | 01750nam a2200445 i 4500 | ||
|---|---|---|---|
| 001 | DIGARTEP0144 | ||
| 003 | NyNyDIG | ||
| 007 | cr ||||||||||| | ||
| 008 | 221213s2001 txua co 000 j eng d | ||
| 006 | m o d | ||
| 035 | _a(OCoLC)854910370 | ||
| 040 |
_aDGITA _beng _erda _epn _cDGITA |
||
| 020 |
_a9781611920239 _qeBook |
||
| 020 | _z9781558853508 | ||
| 041 | 0 |
_aspa _aeng |
|
| 043 | _an-us-hi | ||
| 050 | 1 | 4 | _aPZ73 ebook |
| 100 | 1 |
_aVigil-Piñón, Evangelina, _eauthor. |
|
| 245 | 1 | 0 |
_aMarina's muumuu / _cby Evangelina Vigil-Piñón ; illustrations by Pablo Torrecilla = El muumuu de Marina ; ilustraciones por Pablo Torrecilla. |
| 246 | 3 | 1 | _aMuumuu de Marina |
| 264 | 1 |
_aHouston, Texas : _bPiñata Books : _bArte Público Press, _c[2001] |
|
| 300 |
_a1 online resource : _bcolor illustrations. |
||
| 336 |
_atext _btxt _2rdacontent |
||
| 337 |
_acomputer _bc _2rdamedia |
||
| 338 |
_aonline resource _bcr _2rdacarrier |
||
| 347 |
_atext file _2rdaft |
||
| 347 | _bPDF | ||
| 546 | _aText in English and Spanish. | ||
| 588 | 0 | _aOnline resource; title from PDF title page (Digitalia, viewed December 13, 2022) | |
| 650 | 0 |
_aClothing and dress _zHawaii _vJuvenile fiction. |
|
| 650 | 0 |
_aRacially mixed people _vJuvenile fiction. |
|
| 655 | 7 |
_aShort stories. _2lcgft |
|
| 700 | 1 |
_aTorrecilla, Pablo, _eillustrator. |
|
| 791 | 2 |
_aDigitalia (Firm), _edistributor. |
|
| 793 | 0 |
_gDigitalia eBook Collection: _aArte Publico Press |
|
| 776 | 0 | 8 |
_iPrint version: _aVigil-Piñón, Evangelina. _tMarina's muumuu. _dHouston, Texas : Piñata Books : Arte Público Press, [2001] _z9781558853508 |
| 856 | 4 | 0 |
_3Digitalia Hispánica _uhttps://www.digitaliapublishing.com/a/23162/ |
| 910 | _aPremium collection: 2022 | ||
| 942 | _cRAA | ||
| 999 |
_c237500 _d237500 |
||